000 00881nam a2200277 i 4500
003 EG-GICUC
005 20260421135117.0
008 260421s1949 fre||||fr|||| 001 0 fre d
040 _aEG-GiCUC
_bfre
_cEG-GiCUC
_dEG-GiCUC
_eRda
082 0 4 _221
_a343
_bDE.C
092 0 4 _221
099 _aLaw1 10 343 DE.C 1949
100 1 _aDelogu,Tullio .
245 _aLa Culpabilité Dans Ta Theorie Générale De L'infraction /
_cTullio Delogu.
264 _c1949.
300 _a324 page :
_c 24 cm.
336 _2rda contenu
_a texte
337 _2rda medias
_aOrdinateur
338 _2 transporteur rda
_a Ressource en ligne
504 _aComprend des références bibliographiques et un index.
650 1 _aSciences Criminelles
_2qrmak
651 1 _2qrmak
856 4 0 _uhttps://fll.law.cu.edu.eg/fulltext/bks/B10-10034.pdf
905 _a168
_eEman
942 _2ddc
_cBK
_e21
_n0
999 _c72549
_d72549